Movies Quiz

Random Movies or Oscar Quiz

Oscar Nominees (1983) Quiz Stats

 Plays Quiz not verified by Sporcle

Score 0/80 Timer 10:00
0 Plays Today
Hint Answer % Correct
PictureTERMS OF ENDEARMENT
97.6%
Adapted ScreenplayTERMS OF ENDEARMENT
97.6%
Art DirectionTerms of Endearment
97.6%
Original ScoreTerms of Endearment
97.6%
Film EditingTerms of Endearment
97.6%
SoundTerms of Endearment
97.6%
Supporting ActorJACK NICHOLSON, TERMS OF ENDEARMENT
97%
ActressMeryl Streep, Silkwood
96.9%
ActressSHIRLEY MacLAINE, TERMS OF ENDEARMENT
96.6%
DirectorMike Nichols, Silkwood
95.8%
Original ScreenplaySilkwood
95.5%
Film EditingSilkwood
95.5%
ActressDebra Winger, Terms of Endearment
94.8%
DirectorJAMES L. BROOKS, TERMS OF ENDEARMENT
94.5%
ActorROBERT DUVALL, TENDER MERCIES
94.2%
PictureTender Mercies
94%
Original ScreenplayTENDER MERCIES
94%
Original SongTender Mercies, 'Over You'
94%
Supporting ActressCher, Silkwood
93.3%
PictureThe Dresser
92.6%
Adapted ScreenplayThe Dresser
92.6%
ActorAlbert Finney, The Dresser
91.7%
PictureThe Big Chill
91.5%
Original ScreenplayThe Big Chill
91.5%
PictureThe Right Stuff
91.4%
Art DirectionThe Right Stuff
91.4%
CinematographyThe Right Stuff
91.4%
Original ScoreTHE RIGHT STUFF
91.4%
Film EditingTHE RIGHT STUFF
91.4%
SoundTHE RIGHT STUFF
91.4%
Sound Effects EditingTHE RIGHT STUFF
91.4%
Supporting ActressGlenn Close, The Big Chill
90.2%
ActorTom Courtenay, The Dresser
89.6%
Supporting ActorJohn Lithgow, Terms of Endearment
89.6%
ActorTom Conti, Reuben, Reuben
89.1%
Supporting ActressLINDA HUNT, THE YEAR OF LIVING DANGEROUSLY
88.2%
DirectorBruce Beresford, Tender Mercies
87.1%
Adapted ScreenplayReuben, Reuben
86.9%
Supporting ActorSam Shepard, The Right Stuff
86%
ActorMichael Caine, Educating Rita
83.3%
Hint Answer % Correct
Original ScreenplayFanny and Alexander
83.3%
Art DirectionFANNY AND ALEXANDER
83.3%
CinematographyFANNY AND ALEXANDER
83.3%
Costume DesignFANNY AND ALEXANDER
83.3%
Art DirectionYentl
83.2%
Original Song Score and Its Adaptation or Adaptation ScoreYENTL
83.2%
Original SongYentl, 'Papa, Can You Hear Me?'
83.2%
Original SongYentl, 'The Way He Makes Me Feel'
83.2%
Art DirectionReturn of the Jedi
83%
Original ScoreReturn of the Jedi
83%
SoundReturn of the Jedi
83%
Sound Effects EditingReturn of the Jedi
83%
DirectorPeter Yates, The Dresser
82.9%
DirectorIngmar Bergman, Fanny and Alexander
82.6%
Supporting ActressAmy Irving, Yentl
82.4%
Adapted ScreenplayEducating Rita
82%
Supporting ActorCharles Durning, To Be or Not to Be
81.7%
ActressJulie Walters, Educating Rita
81.3%
Supporting ActressAlfre Woodard, Cross Creek
80.5%
ActressJane Alexander, Testament
80.4%
Costume DesignCross Creek
80.4%
Original ScoreCross Creek
80.4%
Supporting ActorRip Torn, Cross Creek
80.2%
CinematographyFlashdance
80.1%
Original SongFLASHDANCE, 'Flashdance... What a Feeling'
80.1%
Original SongFlashdance, 'Maniac'
80.1%
Film EditingFlashdance
80.1%
Original ScreenplayWarGames
74.7%
CinematographyWarGames
74.7%
SoundWarGames
74.7%
CinematographyZelig
73.2%
Costume DesignZelig
73.2%
Adapted ScreenplayBetrayal
70.4%
Original Song Score and Its Adaptation or Adaptation ScoreTrading Places
66.1%
Original Song Score and Its Adaptation or Adaptation ScoreThe Sting II
61.5%
Costume DesignHeart Like a Wheel
60.9%
Film EditingBlue Thunder
58%
Costume DesignThe Return of Martin Guerre
54.3%
Original ScoreUnder Fire
53.1%
SoundNever Cry Wolf
50.9%

You're not logged in!

Compare scores with friends on all Sporcle quizzes.
OR
Log In

Sporcle TV

Today on Sporcle TV


Watch our educational content, quiz creation guides, and fun videos on Sporcle TV.

Show Comments

Extras

Created Dec 30, 2014ReportNominate
Tags:Oscar Quiz, Academy Awards

Top Quizzes Today


Score Distribution

Your Account Isn't Verified!

In order to create a playlist on Sporcle, you need to verify the email address you used during registration. Go to your Sporcle Settings to finish the process.

Report this User

Report this user for behavior that violates our Community Guidelines.

Details: